Normal view
MARC view
- Schmidt, Robert,
Entry Personal Name
001 - CONTROL NUMBER
- control field: 120703
003 - CONTROL NUMBER IDENTIFIER
- control field: NUST
005 - DATE AND TIME OF LATEST TRANSACTION
- control field: 20240219115618.0
008 - FIXED-LENGTH DATA ELEMENTS
- fixed length control field: 240219|| aca||aabn | a|a d
040 ## - CATALOGING SOURCE
- Original cataloging agency: NUST
- Transcribing agency: NUST
100 ## - HEADING--PERSONAL NAME
- Personal name: Schmidt, Robert,
- Titles and other words associated with a name: III,
- Dates associated with a name: 1977-
670 ## - SOURCE DATA FOUND
- Source citation: Work cat.: (NUST): Schmidt, Robert, III, 1977- author., Adaptable architecture :, 2016.
